000 00576cam a22002053a 4500
001 40246
003 PGUSA
005 20140828083909.0
008 120715s2012||||xxu|||||s|||||000 | eng d
040 _aPGUSA
_beng
042 _adc
100 1 _aTregarthen, Enys
245 1 0 _aNorth Cornwall Fairies and Legends
_h[electronic resource] /
_cEnys Tregarthen
260 _bProject Gutenberg,
_c2012
506 _aPublic domain in the USA.
516 _aElectronic text
830 0 _aProject Gutenberg
_v40246
856 4 0 _uhttp://www.gutenberg.org/ebooks/40246
942 _cEB
999 _c269499
_d269499